[Event "Let's Play Chess!!!"]
[Site "http://www.queenalice.com/game.php?id=750157"]
[Date "2010.3.22"]
[Round "-"]
[White "ChickenBiJay"]
[Black "FranzMeM"]
[Result "1-0"]
[WhiteElo "1266"]
[BlackElo "1468"]

1. Nc3 e5 2. d4 exd4 3. Qxd4 f6 4. Bf4 Bb4 5. Qxb4 a5 6. Qe4+ Qe7 7. Qf3 d6 8.
O-O-O a4 9. Nd5 Qd8 10. Qe4+ Ne7 11. e3 O-O 12. Nxe7+ Kh8 13. Rd5 Re8 14. Bd3
Rxe7 15. Qxh7# 1-0

[Event "Let's Play Chess!"]
[Site "http://www.queenalice.com/game.php?id=1347659"]
[Date "2015.3.15"]
[Round "-"]
[White "igorjava"]
[Black "ChickenBiJay"]
[Result "1-0"]
[WhiteElo "1953"]
[BlackElo "1510"]

1. e4 Nf6 2. e5 Nd5 3. c4 Nb6 4. Nf3 c5 5. Be2 Nc6 6. b3 d6 7. Bb2 Bf5 8. O-O
Nd7 9. exd6 e5 10. d3 Bxd6 11. Nbd2 O-O 12. Ne4 Bc7 13. a3 f6 14. Nfd2 Qe7 15.
Kh1 Rac8 16. Nf3 Rcd8 17. Qc2 Ba5 18. Nh4 Be6 19. Nf3 Ndb8 20. Bc1 Bg4 21. Be3
b6 22. h3 Bf5 23. Nh4 Bc8 24. Nf3 Qe8 25. Rab1 Na6 26. Kh2 Nc7 27. Nfd2 Ne6 28.
Nc3 1-0

[Event "Let's Play Chess!"]
[Site "http://www.queenalice.com/game.php?id=1347685"]
[Date "2015.3.15"]
[Round "-"]
[White "ChickenBiJay"]
[Black "Bategoll"]
[Result "1-0"]
[WhiteElo "1286"]
[BlackElo "1837"]

1. e3 e5 2. d4 exd4 3. exd4 d5 4. Nc3 Nf6 5. Qe2+ Be6 6. Bf4 c6 7. Qe3 Be7 8.
O-O-O Nbd7 9. h4 Qb6 10. Na4 Qd8 11. Nf3 h6 12. Bd3 b5 13. Nc3 a5 14. Nxb5 cxb5
15. Bxb5 Rb8 16. Bxb8 Qxb8 17. Qb3 O-O 18. Bxd7 Qxb3 19. axb3 Nxd7 20. Rde1 Bf6
21. c3 Ra8 22. Nd2 h5 23. Kb1 Nf8 24. Ka2 Ng6 25. g3 Ne7 26. Ka3 Nc6 27. Nf3 Na7
28. Ne5 Nb5+ 29. Ka2 a4 30. bxa4 Bf5 31. Kb3 Nd6 32. c4 dxc4+ 33. Nxc4 Nxc4 34.
Kxc4 Rxa4+ 35. b4 Bxd4 36. Kxd4 Rxb4+ 37. Kc3 Rb7 38. Re8+ Kh7 39. Rhe1 Be6 40.
Re5 Rb3+ 41. Kc2 Rf3 42. Rxh5+ Kg6 43. Rg5+ Kf6 44. Rg8 Rxf2+ 45. Kc3 g6 46. Kd4
Rd2+ 47. Ke3 Rd6 48. Ra5 Rd5 49. Rxd5 Bxd5 50. g4 Ke7 51. h5 gxh5 52. gxh5 f5
53. Rg5 Kf6 54. h6 Be4 55. Kf4 1-0

[Event "OS INCLIVEIS"]
[Site "http://www.queenalice.com/game.php?id=1347851"]
[Date "2015.3.16"]
[Round "-"]
[White "adelio"]
[Black "ChickenBiJay"]
[Result "0-1"]
[WhiteElo "1739"]
[BlackElo "1346"]

1. d4 Nc6 2. e3 e5 3. d5 Nce7 4. c4 d6 5. Be2 g6 6. Nf3 Nf6 7. h4 h5 8. Ng5 Bg4
9. Nxf7 Kxf7 10. f3 Bd7 11. e4 Bh6 12. Bg5 Bxg5 13. hxg5 Nh7 14. g4 Nxg5 15.
gxh5 Rxh5 16. Rxh5 gxh5 17. f4 exf4 18. Bxh5+ Ng6 19. Nd2 Qf6 20. Qc2 Nxe4 21.
O-O-O Ng3 22. Nf3 Nxh5 23. Rg1 Ng3 24. Qd3 Bf5 25. Qd4 Ne2+ 26. Kd2 Nxd4 27.
Ng5+ Kg7 28. Ne6+ Nxe6 29. dxe6 Qxb2+ 30. Ke1 f3 31. Rxg6+ Bxg6 32. Kd1 Qe2+ 33.
Kc1 Qc2# 0-1

[Event "OS INCLIVEIS"]
[Site "http://www.queenalice.com/game.php?id=1347852"]
[Date "2015.3.16"]
[Round "-"]
[White "ChickenBiJay"]
[Black "adelio"]
[Result "1-0"]
[WhiteElo "1476"]
[BlackElo "1709"]

1. Nc3 f5 2. e4 e5 3. exf5 Nf6 4. d4 e4 5. Bg5 g6 6. Nxe4 Be7 7. Nxf6+ Bxf6 8.
Qe2+ Kf7 9. Bxf6 Qxf6 10. Qc4+ Kg7 11. fxg6 hxg6 12. O-O-O Nc6 13. Re1 Qxd4 14.
Re7+ Kh6 15. Qxd4 Nxd4 16. Bd3 d5 17. Rxc7 Bf5 18. Bxf5 Nxf5 19. Rxb7 a5 20. Nf3
a4 21. Rd1 Rad8 22. Ne5 d4 23. Nf7+ Kh5 24. h3 Rdf8 25. g4+ Kh4 26. Nxh8 Rxh8
27. gxf5 gxf5 28. Rxd4+ Kxh3 29. Rxa4 Kg2 30. Rf4 Kf1 31. Rxf5 Rh1 32. b4 Rh2
33. a4 Rxf2 34. Rxf2+ Kxf2 35. a5 Ke3 36. a6 Kd4 37. a7 Kc4 38. a8=Q Kd4 39. Rc7
Ke3 40. Qe8+ Kd4 41. b5 Kd5 42. b6 Kd6 43. b7 Kxc7 44. b8=Q# 1-0

[Event "Challenge"]
[Site "http://www.queenalice.com/game.php?id=1351530"]
[Date "2015.4.3"]
[Round "-"]
[White "ChickenBiJay"]
[Black "Bategoll"]
[Result "1-0"]
[WhiteElo "1316"]
[BlackElo "1788"]

1. Nc3 e5 2. e4 Nc6 3. Bc4 Nf6 4. a3 Be7 5. d3 d6 6. Nf3 Be6 7. Bxe6 fxe6 8. Ng5
Qd7 9. Be3 h6 10. Nf3 d5 11. exd5 exd5 12. d4 e4 13. Ne5 Nxe5 14. dxe5 Ng4 15.
Nxd5 Nxe3 16. Qh5+ Kd8 17. Nxe3 Kc8 18. Rd1 Qb5 19. Qg4+ Kb8 20. Qxg7 Qe8 21.
O-O a6 22. Qg4 Ka7 23. Qxe4 Bg5 24. Nd5 Rc8 25. f4 Be7 26. b4 Rg8 27. f5 Bg5 28.
f6 Qe6 29. Ne7 Bxf6 30. Nxc8+ 1-0

[Event "AUTO-INT-2986"]
[Site "http://www.queenalice.com/game.php?id=1354037"]
[Date "2015.4.17"]
[Round "1"]
[White "nuage"]
[Black "ChickenBiJay"]
[Result "0-1"]
[WhiteElo "1614"]
[BlackElo "1520"]

1. Nf3 d5 2. d3 e6 3. g3 Nc6 4. Bg2 e5 5. O-O a5 6. Nc3 Bg4 7. e4 dxe4 8. dxe4
Nd4 9. Be3 Bc5 10. Nd5 c6 11. Nc3 Qe7 12. Na4 Ba7 13. Bxd4 exd4 14. Qd3 b5 15.
Nxd4 bxa4 16. Nxc6 Qc5 17. e5 a3 18. b3 Bb6 19. c3 Be6 20. b4 axb4 21. cxb4 Qc4
22. Qd6 Rc8 23. Rfc1 Bc7 24. Rxc4 Bxd6 25. Rd4 Bc7 26. Rad1 Ne7 27. Na7 Rb8 28.
Nc6 Nxc6 29. Bxc6+ Kf8 30. f4 Bb6 31. b5 Rd8 32. Kg2 Rxd4 33. Rc1 Rd2+ 34. Kf3
h5 35. h4 Bh3 36. Rc3 Bg2# 0-1

[Event "AUTO-INT-2986"]
[Site "http://www.queenalice.com/game.php?id=1354038"]
[Date "2015.4.17"]
[Round "1"]
[White "ChickenBiJay"]
[Black "nuage"]
[Result "1-0"]
[WhiteElo "1404"]
[BlackElo "1615"]

1. e4 e5 2. Nf3 Nc6 3. Nc3 Nf6 4. Bc4 h6 5. d3 Bb4 6. a3 Bc5 7. Na4 Bd4 8. c3
Ng4 9. Nxd4 exd4 10. Qxg4 g5 11. Qh5 Ne5 12. cxd4 Ng6 13. O-O Nf4 14. Qxf7# 1-0

[Event "AUTO-INT-2986"]
[Site "http://www.queenalice.com/game.php?id=1354053"]
[Date "2015.4.17"]
[Round "1"]
[White "Ricardoabreu"]
[Black "ChickenBiJay"]
[Result "0-1"]
[WhiteElo "1570"]
[BlackElo "1501"]

1. e4 e5 2. Nf3 Nc6 3. Nc3 Nf6 4. b3 Bc5 5. h3 a5 6. Na4 Nxe4 7. Rh2 Bxf2+ 8.
Ke2 Nd4+ 9. Nxd4 Bxd4 10. c3 Bg1 11. Rh1 Ng3+ 12. Kd3 Nxh1 13. Qe1 d6 14. Kc2
Bf2 15. Qe4 Bh4 16. g3 Nxg3 17. Qg2 Nxf1 18. Qxf1 Qd7 19. Qg1 O-O 20. Bb2 b5 21.
Nc5 dxc5 22. Qxc5 Qxh3 23. Qxe5 Bf5+ 0-1

[Event "AUTO-INT-2986"]
[Site "http://www.queenalice.com/game.php?id=1354054"]
[Date "2015.4.17"]
[Round "1"]
[White "ChickenBiJay"]
[Black "Ricardoabreu"]
[Result "1-0"]
[WhiteElo "1453"]
[BlackElo "1622"]

1. e4 e5 2. d3 Nc6 3. Nf3 g6 4. Nc3 Bg7 5. Bg5 f6 6. Be3 b6 7. d4 exd4 8. Nxd4
Nxd4 9. Qxd4 Bb7 10. Bc4 Qe7 11. Bxg8 Rxg8 12. Nd5 Qd8 13. Qc4 c6 14. Nxb6 Kf8
15. Nxd7+ Qxd7 16. Bc5+ Ke8 17. Qxg8+ 1-0

[Event "AUTO-INT-2986"]
[Site "http://www.queenalice.com/game.php?id=1354065"]
[Date "2015.4.17"]
[Round "1"]
[White "ChickenBiJay"]
[Black "BlackKnight72"]
[Result "1-0"]
[WhiteElo "1428"]
[BlackElo "1659"]

1. e4 c5 2. c4 Nc6 3. d4 cxd4 4. Bg5 Qc7 5. Na3 a6 6. Nc2 e5 7. Bd3 g6 8. b3 Bg7
9. Qf3 Nge7 10. Ne2 f6 11. Bd2 b6 12. O-O O-O 13. Rfe1 f5 14. exf5 Nxf5 15. Qd5+
Kh8 16. c5 bxc5 17. Qxc5 Rf7 18. Nexd4 exd4 19. Re8+ 1-0

[Event "AUTO-INT-2986"]
[Site "http://www.queenalice.com/game.php?id=1354066"]
[Date "2015.4.17"]
[Round "1"]
[White "BlackKnight72"]
[Black "ChickenBiJay"]
[Result "0-1"]
[WhiteElo "1687"]
[BlackElo "1376"]

1. d4 d5 2. Nf3 Nc6 3. e3 e6 4. a3 a6 5. Nc3 Bd6 6. Bd3 Nf6 7. O-O h5 8. h3 e5
9. dxe5 Nxe5 10. Nxe5 Bxe5 11. Bd2 c5 12. Rb1 c4 13. Be2 Bb8 14. Bf3 Qd6 15. Qe2
Qh2# 0-1

[Event "Challenge"]
[Site "http://www.queenalice.com/game.php?id=1354159"]
[Date "2015.4.18"]
[Round "-"]
[White "txukahamae"]
[Black "ChickenBiJay"]
[Result "1-0"]
[WhiteElo "1531"]
[BlackElo "1526"]

1. d4 d5 2. c4 dxc4 3. Nf3 c5 4. Qa4+ Bd7 5. Qxc4 cxd4 6. Qxd4 Nc6 7. Qd1 e5 8.
Nc3 Nf6 9. Bg5 Bb4 10. Qc2 h6 11. Bxf6 Qxf6 12. e3 Bf5 13. Qc1 O-O 14. Be2 e4
15. Nd2 Qg6 16. O-O Bh3 17. g3 Bxf1 18. Bxf1 f5 19. Nd5 Qd6 20. Bc4 Kh7 21. a3
Bxd2 22. Qxd2 Rfd8 23. Rd1 Ne5 24. Qe2 Rac8 25. b3 Qxa3 26. Ne7 1-0

[Event "Let's Play Chess!"]
[Site "http://www.queenalice.com/game.php?id=1356386"]
[Date "2015.4.30"]
[Round "-"]
[White "carlosufpe"]
[Black "ChickenBiJay"]
[Result "1-0"]
[WhiteElo "1636"]
[BlackElo "1538"]

1. d4 d5 2. e3 Nf6 3. c4 dxc4 4. Bxc4 e6 5. Nf3 Bd6 6. O-O O-O 7. Nbd2 Nc6 8. a3
e5 9. dxe5 Bxe5 10. Nxe5 Nxe5 11. Be2 Bf5 12. b4 Qe7 13. Bb2 Rfd8 14. Qc1 Bd3
15. Bxe5 1-0